| 000 | 01393cam a22003737a 4500 | ||
|---|---|---|---|
| 003 | CHAP | ||
| 005 | 20220817042249.0 | ||
| 008 | 971013s1991 r 00010 d | ||
| 010 | _a38991 | ||
| 011 | _a39963 | ||
| 035 | _a44088 | ||
| 040 | _cCHAP | ||
| 082 |
_a630.0285 _bA5 |
||
| 110 |
_aAmerican Society of Agricultural Engineers _95291 |
||
| 245 | 0 |
_aAutomated agriculture for the 21st century _b: proceedings |
|
| 260 |
_aSt. Joseph, Mich. : _bAmerican Society of Agricultural Engineers, _c1991 |
||
| 300 |
_a540 p. _b: ilus. |
||
| 590 |
_aBATCH-UPD _b10 _c20130110 _lUCH01 _h1642 |
||
| 590 |
_aBATCH-UPD _b10 _c20130410 _lUCH01 _h1032 |
||
| 590 |
_aBATCH-UPD _b10 _c20130914 _lUCH01 _h1039 |
||
| 590 |
_aCONVERSION _b10 _c20130109 _lUCH01 _h1322 |
||
| 650 | 1 | 4 |
_aAgricultura _xInnovaciones tecnológicas. _91565 |
| 650 | 1 | 4 |
_aControl automático. _927578 |
| 650 | 1 | 4 |
_aInvernaderos _xAutomatización. _960174 |
| 650 | 1 | 4 |
_aProcesamiento automático de datos en agricultura. _991751 |
| 650 | 1 | 4 | _aProcesamiento automático de datos en suelos. |
| 650 | 1 | 4 |
_aRedes neuronales artificiales. _995387 |
| 650 | 1 | 4 |
_aRobots en agricultura. _998142 |
| 650 | 1 | 4 |
_aTecnología de imágenes en agricultura. _9111960 |
| 650 | 1 | 4 |
_aTomografía en agricultura. _9113873 |
| 901 | _aBK | ||
| 942 | _cLIBRO | ||
| 949 |
_a630.0285 A5 _bBC _cLIBRO _d33724000001780 _eLIBRO _gI.174065 _h87925 _i44088 _si _t164.41 |
||
| 999 |
_c38991 _d38991 |
||